| 000 | 01176naa a22003257a 4500 | ||
|---|---|---|---|
| 001 | BR8204147 | ||
| 003 | BR-BrBNA | ||
| 005 | 20240918175126.0 | ||
| 007 | ta | ||
| 008 | 230509b bl.||||| |||| 00| 0 por d | ||
| 040 |
_aBR-BrBNA _bpor _cBiblioteca Nacional de Agricultura |
||
| 041 | _a(Pt) | ||
| 072 |
_aF25 _b0336 _b3840 _bG514 _bGZ74 |
||
| 090 | _aF25 BR8204147 | ||
| 100 | 1 | _aSantos, P.R.R.S. | |
| 245 | 1 | _aInfluencia do gesso na fertilidade dos solos de cerrado para duas cultivares de soja. Interacao entre niveis de calagem, niveis de gessagem e cultivares [Minas Gerais, Brasil] | |
| 260 | 3 |
_aBelo Horizonte, MG (Brasil): _c1982. |
|
| 500 | _aProjeto soja. Relatorio 77/79 Belo Horizonte, MG (Brasil): 1982. p. 80-84 (BR8204147-AM)F25 | ||
| 650 | _aSOJA | ||
| 650 | _aCALAGEM | ||
| 650 | _aGESSO | ||
| 650 | _aVARIEDADE | ||
| 650 | _aCORRETIVO | ||
| 650 | _aSOLO | ||
| 650 | _aCERRADO | ||
| 650 | _aMINAS GERAIS | ||
| 773 | 0 |
_tProjeto soja. Relatorio 77/79 [entomologia, pratica cultural, adubacao, Minas Gerais, Brasil] _w0336 BR8204135 _gBelo Horizonte, MG (Brasil), 1982. _q93 p. |
|
| 909 |
_a202404 _bLucia _c55 _dLucia Elande |
||
| 942 |
_cAM _2AGRIS |
||
| 999 |
_c315140 _d315140 |
||